000 00562ntaaa2200205 4500
003 01
005 20251027202255.0
008 0714s1973 ag 01
040 _aAR-BaBN
_bspa
_cAR-BaBN
_eaacr
_dRIC
082 _a270.6000 Ar7
100 _aArtús, Wilfrido
_921193
245 _aReformadores españoles del siglo XVI
250 _a1 ed.
260 _aBuenos Aires :
_bAurora,
_c1949
300 _a131 p
500 _aReforma: las bases bíblicas de su polémica antirromanista
650 _areforma
_95724
650 _ahistoria eclesiástica
942 _cBK
999 _c17549
_d17549